000 01070nam a2200277 a 4500
001 000024314
003 DO-SdBNP
005 20250206125312.0
008 110126s2002 dr 000 0 spa d
040 _aDO-SdBNP
_bspa
_cBNPHU
082 4 _a330.97293
_bA148d
_222
100 1 _aAbinader, José Rafael
_911652
245 1 3 _aEl desarrollo económico y social de la República Dominicana :
_b1985 /
_cJosé Rafael Abinader ; prólogo Luis Julian Pérez.
250 _aEd. actualizada y revisada.
260 _aSanto Domingo :
_bPanamericana,
_c2002.
300 _a81 p. ;
_c28 cm.
586 _aPrimer premio Juegos Florales Hispano-Dominicanos
590 _aInventariado, 2018/ YL
650 4 _aDesarrollo económico
_zRepública Dominicana
_98596
650 0 _aDesarrollo social
_zRepública Dominicana
_97783
651 4 _aRepública Dominicana
_xCondiciones económicas
_9281
651 4 _aRepública Dominicana
_xCondiciones sociales
_946
700 1 _aPérez, Luis Julian,
_epról.
_914856
910 _aValidado. Control de calidad MMOLINA
942 _2ddc
_cLBS1
999 _c23807
_d23807